| 000 | 00370nam a2200145Ia 4500 | ||
|---|---|---|---|
| 008 | 230917s9999||||xx |||||||||||||| ||und|| | ||
| 040 |
_e71037 _aMAIN |
||
| 041 | _aEnglish | ||
| 082 | _a940.25 W778O | ||
| 100 | _aDoyle, William | ||
| 245 | 0 | _aOld European order 1660-1800 | |
| 260 |
_aOxford _bOxford University Press _c1978 |
||
| 300 | _axviii, 420 p. | ||
| 942 | _cBK | ||
| 999 |
_c225011 _d225011 |
||